Body Language/ (Record no. 198811)

MARC details
000 -LEADER
fixed length control field 00570nam a22001937a 4500
005 - DATE AND TIME OF LATEST TRANSACTION
control field 20250509104810.0
010 ## - LCCN (DPL NO)
LC control number ENG-144893 ENG-138281
020 ## - INTERNATIONAL STANDARD BOOK NUMBER
International Standard Book Number 9789383278459
Terms of availability 650.00
035 ## - SYSTEM CONTROL NUMBER
System control number EN-121813
035 ## - SYSTEM CONTROL NUMBER
System control number EN-128425
037 ## - SOURCE OF ACQUISITION
Source of stock number/acquisition DBAD
082 ## - DEWEY DECIMAL CLASSIFICATION NUMBER
Classification number 158.1
Item number 1
100 ## - MAIN ENTRY--PERSONAL NAME
Personal name K.K. Singh
245 ## - TITLE STATEMENT
Title Body Language/
Statement of responsibility, etc K.K. Singh
260 ## - PUBLICATION, DISTRIBUTION, ETC. (IMPRINT)
Place of publication, distribution, etc Delhi
Name of publisher, distributor, etc Book Tree Publishing House
Date of publication, distribution, etc 2022
270 ## - ADDRESS
Address Atmaram building 1376 Kashmere Gate, Opp. Indian Book
City Delhi
Postal code 110032
300 ## - PHYSICAL DESCRIPTION
Extent 160p.
Dimensions 23cm(hb)
942 ## - ADDED ENTRY ELEMENTS (KOHA)
Source of classification or shelving scheme Dewey Decimal Classification
Item type English Books
Classification part 158.1
Call number suffix KKS
Holdings
Withdrawn status Lost status Not for loan Collection code Home library Current library Date acquired Source of acquisition Cost, normal purchase price Full call number Barcode Copy number Cost, replacement price Koha item type
      Non-fiction Ashok Vihar Ashok Vihar 09/05/2025 Delivery of Books Act Division 650.00 158.1 KKS EN-128425 1 650.00 English Books
      Non-fiction Bawana Bawana 18/10/2023 DBAD/PUB 650.00 158.1 BOD EN-121813 1 650.00 English Books

© Delhi Public Library
Hit Counter
free hit counter